Introductory nuclear physics /

保存先:
書誌詳細
第一著者: Wong, Samuel S.M.
フォーマット: Sách giấy
言語:English
出版事項: : , 1998
タグ: タグ追加
タグなし, このレコードへの初めてのタグを付けませんか!
Thư viện lưu trữ: Thư viện Trường Đại học Đà Lạt
LEADER 00538nam a2200241 4500
001 DLU020016841
005 ##12/21/2000
020 # # |a 978- 
041 # # |a eng 
082 # # |a 539.7  |b WO-S 
100 # # |a Wong, Samuel S.M. 
245 # # |a Introductory nuclear physics /  |c Samuel S.M. Wong 
260 # # |a  :  |b  ,  |c 1998 
300 # # |a 460 tr., X;   |c 24 cm. 
992 # # |a 1285380 
994 # # |a DLU 
900 # # |a False 
911 # # |a Administrator 
925 # # |a G 
926 # # |a A 
927 # # |a SH 
980 # # |a Thư viện Trường Đại học Đà Lạt